1092 1420 1162 1515 1785 1038 1895 1309 1445 1357 1473 1476 1283 1859 1896 1553 1861 1125 1478 1117 1366 1080 1544 1985 1878 1156 1693 1230 1185 1130 1996 1068 1656 1879 1835 1396 1151 1463 1867 1684 1788 1094 1473 1458 1414 1740 1271 1266 1002 1061 1139 1038 1934 1986 1948 1544 1509 1217 1964 1641 1263 1788 1188 1462 1197 1027 1980 1627 1567 1713 1281 1250 1895 1774 1142 1236 1795 1940 1076 1174 1925 1611 1268 1818 1851 1350 1788 1923 1068 1541 1110 1615 1800 1889 1957 1150 1265 1786 2000 BCNSPRNW ULIB Ver.6.0+V

เปลี่ยนเป็นภาษาไทย

Change to English
 แสดงรายละเอียดบรรณานุกรม
  กลับหน้าหลัก

Brief Record : Get Marc (ISO 2709) : E-mail record : QR code < ปิดหน้าต่าง
LEADER : 00000nam 2200000uu 4500
001    13399128444
003     ULIB
008    230828s2023||||th 000 0 tha d
020    ^a9781975171223
060 04 ^aWS421^bD489
245 00 ^aDevelopmental care of newborns and infants :^ba guide forhealth professionals /^c[edited by] Carole Kenner,Jacqueline M. McGrath
250    3rd.ed
260    ^aSt. Louis :^bMosby,^c2023
300    ^axxvii, 378 p. :^bill. ;^c23 cm.
650  2 ^aChild Development
650  2 ^aFamily
650  2 ^aIntensive Care, Neonatal^xmethods
650  2 ^aIntensive Care Units, Neonatal
650  2 ^aNeonatal Nursing^xmethods
700 1  ^aKenner, Carole,^eed.
700 1  ^aMcGrath, Jacqueline M.,^eed.
945    ^p3375^l0^i010201
999    ^aประนอม เกษจรัล
รายการนี้ยังไม่มีแท็ก
คุณยังไม่ได้ล็อกอิน คุณสามารถมีกิจกรรมร่วมกับเว็บไซต์ได้ แต่ต้องล็อกอินก่อน ::
  ล็อกอิน

รายการสื่อสารสนเทศ

ลำดับที่ ประเภท เลขเรียก/บาร์โค้ด สถานที่ สถานะ
1. วิทยาศาสตร์การแพทย์ และสุขภาพ
หนังสือสำรอง
สถานะ=หนังสือสำรอง
WS421 D489 ฉ.1 
  Barcode: 010201
ห้องสมุดวิทยาเขตสวรรค์ประชารักษ์
►หนังสือทั่วไป
บนชั้น

รายการใกล้เคียง
    หัวเรื่อง [Child Development]
    หัวเรื่อง [Family]
    หัวเรื่อง [Intensive Care Units, Neonatal]

BibComment


ยังไม่เคยถูกคอมเมนท์

คอมเมนท์ทรัพยากรรายการนี้
  คอมเมนท์: Developmental ca..


 Copyright 2026. Bcnsprnw @Library